000
00309 a2200133 4500
005
20250628090158.0
020
_a
0070125732
082
_a
001.64 O'LE
100
_a
O'LEARY,T.
245
_a
Microsoft Power Point
260
_a
New York
_b
Mc Graw Hill,
_c
1998
300
_a
124p.
_b
Index
_c
25cm.
942
_2
ddc
_c
BKS
999
_c
5914
_d
5914